Подробности
| 000 -МАРКЕР |
| контрольное поле |
02482nam0a2200361 4500 |
| 001 - ИДЕНТИФИКАТОР ЗАПИСИ |
| контрольное поле |
RU\NLR\bibl\968434 |
| 005 - ИДЕНТИФИКАТОР ВЕРСИИ |
| контрольное поле |
20260408154521.0 |
| 010 ## - МЕЖДУНАРОДНЫЙ СТАНДАРТНЫЙ НОМЕР КНИГИ (ISBN) |
| Номер (ISBN) |
5-211-05200-5 |
| Тираж |
340 |
| 021 ## - НОМЕР ГОСУДАРСТВЕННОЙ РЕГИСТРАЦИИ |
| Код страны |
российская федерация |
| Номер |
2006-29901 |
| Номер Листа государственной регистраци |
1491 |
| 035 ## - ДРУГИЕ СИСТЕМНЫЕ НОМЕРА |
| Идентификатор записи |
(NLR Aleph) 000956408 |
| 100 ## - ДАННЫЕ ОБЩЕЙ ОБРАБОТКИ |
| Данные общей обработки |
20060718d2006 |||y0rusy50 ca |
| 101 0# - ЯЗЫК РЕСУРСА |
| Язык текста, звукозаписи и т.д. |
русский |
| 102 ## - СТРАНА ПУБЛИКАЦИИ ИЛИ ПРОИЗВОДСТВА |
| Страна публикации |
российская федерация |
| 105 ## - ПОЛЕ КОДИРОВАННЫХ ДАННЫХ: ТЕКСТОВЫЕ МАТЕРИАЛЫ, МОНОГРАФИЧЕСКИЕ |
| Кодированные данные о монографическом текстовом документе |
y ||||||||| |
| 200 1# - ЗАГЛАВИЕ И СВЕДЕНИЯ ОБ ОТВЕТСТВЕННОСТИ |
| Основное заглавие |
Россия в контексте мирового экономического развития во второй половине ХХ века |
| Сведения, относящиеся к заглавию |
сборник трудов Международной научной конференции, Москва, 24-25 ноября 2004 г. |
| Первые сведения об ответственности |
[редкол.: Виноградов В.А., акад. РАН, пред. и др.] |
| 210 ## - ПУБЛИКАЦИЯ, РАСПРОСТРАНЕНИЕ И ДР. |
| Место издания, распространения и т.д. |
Москва |
| Имя издателя, распространителя и т. д. |
Изд-во Московского университета |
| Дата издания, распространения и т.д. |
2006 |
| 215 ## - ФИЗИЧЕСКАЯ ХАРАКТЕРИСТИКА |
| Специфическое обозначение материала и объем |
431 с. |
| Размеры |
25 |
| 300 ## - ОБЩИЕ ПРИМЕЧАНИЯ |
| Текст примечания |
В надзаг.: Отд-ние ист.-филол. наук РАН, науч. совет РАН по пробл. рос. и мировой экон. истории, Ин-т рос. истории РАН, Ин-т экономики РАН [и др.] |
| 320 ## - ПРИМЕЧАНИЯ О НАЛИЧИИ В ДОКУМЕНТЕ БИБЛИОГРАФИИ / УКАЗАТЕЛЯ |
| Текст примечания |
Библиогр. в примеч. в конце докл. |
| 607 ## - ГЕОГРАФИЧЕСКОЕ НАИМЕНОВАНИЕ КАК ПРЕДМЕТ |
| Географическое наименование |
Российская Федерация |
| Формальный подзаголовок |
Съезды, совещания и т.п. |
| Тематический подзаголовок |
Народное хозяйство |
| Системный номер авторитетной/нормативной записи |
2106777 |
| Идентификатор авторитетной/нормативной записи |
RU\NLR\auth\661273591 |
| 607 ## - ГЕОГРАФИЧЕСКОЕ НАИМЕНОВАНИЕ КАК ПРЕДМЕТ |
| Географическое наименование |
СССР |
| Тематический подзаголовок |
Народное хозяйство |
| Формальный подзаголовок |
Съезды, совещания и т.п. |
| Идентификатор авторитетной/нормативной записи |
RU\NLR\auth\66113995 |
| Системный номер авторитетной/нормативной записи |
1101059 |
| 686 ## - ИНДЕКСЫ ДРУГИХ КЛАССИФИКАЦИЙ |
| Индекс |
У03(2)7я431 |
| 702 #1 - ИМЯ ЛИЦА - ВТОРИЧНАЯ ОТВЕТСТВЕННОСТЬ |
| Код отношения |
Прочие |
| Материалы, к которым относится поле |
rus |
| Графика поля |
Кириллица |
| Начальный элемент ввода |
Виноградов |
| Часть имени, кроме начального элемента ввода |
В. А. |
| Дополнения к именам, кроме дат |
д-р экон. наук, экон. история |
| Даты |
1921-2017 |
| Расширение инициалов личного имени |
Владимир Алексеевич |
| Идентификатор авторитетной/нормативной записи |
RU\NLR\AUTH\7714414 |
| Системный номер авторитетной/нормативной записи |
124087 |
| 711 12 - НАИМЕНОВАНИЕ ОРГАНИЗАЦИИ - АЛЬТЕРНАТИВНАЯ ОТВЕТСТВЕННОСТЬ |
| Начальный элемент ввода |
"Россия в контексте мирового экономического развития во второй половине XX века", международная научная конференция |
| Дата проведения временной организации |
2004 |
| Место проведения временной организации |
Москва |
| Идентификатор авторитетной/нормативной записи |
RU\NLR\AUTH\8810085254 |
| Системный номер авторитетной/нормативной записи |
672503 |
| 712 02 - НАИМЕНОВАНИЕ ОРГАНИЗАЦИИ - ВТОРИЧНАЯ ОТВЕТСТВЕННОСТЬ |
| Код отношения |
Прочие |
| Начальный элемент ввода |
Российская академия наук |
| Структурное подразделение |
Научный совет по проблемам российской и мировой экономической истории |
| Идентификатор авторитетной/нормативной записи |
RU\NLR\AUTH\8810145675 |
| Системный номер авторитетной/нормативной записи |
785667 |
| 801 #0 - ИСТОЧНИК ЗАПИСИ |
| Страна |
российская федерация |
| Организация |
NLR |
| Дата составления |
20060718 |
| Правила каталогизации |
rcr |
| 801 #1 - ИСТОЧНИК ЗАПИСИ |
| Страна |
российская федерация |
| Организация |
NLR |
| Дата составления |
20060718 |
| 830 ## - ОБЩЕЕ ПРИМЕЧАНИЕ, СОСТАВЛЕННОЕ КАТАЛОГИЗАТОРОМ |
| Текст примечания |
ред. по кн. |
| 942 ## - ДОПОЛНИТЕЛЬНЫЕ ЭЛЕМЕНТЫ ЗАПИСИ (АБИС) |
| Тип экземпляра АБИС |
Книга |
| 980 ## - КОЛЛЕКЦИЯ |
| Название коллекции |
Национальная библиография |